000 01095nam a2200241Ia 4500
999 _c56111
_d56111
001 23212
003 GE_BSU
005 20251015154033.0
008 181216s1978||||ge |||||||||||||| ||geo||
040 _cGE_BSU
041 _ageo
080 _a94(479.22) + 94(479.223) ა-97
100 _aახვლედიანი, ხარიტონ
_926030
245 _aნარკვევები საქართველოს ისტორიიდან : [XVI-XIX ს. ს. აჭარა] /
_c ხარიტონ ახვლედიანი ; რედ. : ი. სიხარულიძე.
264 _aბათუმი :
_bსაბჭოთა აჭარა,
_c1978.
300 _a240 გვ. ;
_c21სმ.
541 _h3ლ.60თ.
653 _aისტორია
653 _aნარკვევები საქართველოს ისტორიიდან : [XVI-XIX ს. ს. აჭარა]
653 _aსაქართველოს ისტორია
653 _aაჭარის ისტორია
942 _cBK
_2udc